Los Tapices de la Diputación Privincial
Descripción Física:
Il·lustracions
Colección:
San Jorge,
; núm. 22 (abril 1956), pàg 34-35
Idioma:
Catalán
MARC
| LEADER | 00000naa a2200000 a 4500 | ||
|---|---|---|---|
| 003 | Arxiu | ||
| 005 | 20260324181508.0 | ||
| 008 | 160829s1956 spcaxx s cat c | ||
| 040 | |a AGDB | ||
| 245 | 0 | 4 | |a Los Tapices de la Diputación Privincial |
| 300 | |b Il·lustracions | ||
| 490 | |a San Jorge, |v núm. 22 (abril 1956), pàg 34-35 | ||
| 590 | |a Els quatre tapissos són: Triunfo de la Muerte sobre la Castidad, Triunfo de la Fama sobre la Muerte, Triunfo del Tiempo sobre la Fama, Triunfo de la Divinidad sobre el Tiempo | ||
| 610 | 1 | 0 | |a Barcelona (Catalunya : Província). |b Diputació |9 52408 |
| 650 | 0 | |a Tapissos |9 35846 | |
| 773 | |g Núm. 22 (abril 1956), pàg 34-35 |t San Jorge. | ||
| 901 | |a Arxiu | ||
| 942 | |n 1 |2 udc |c ART | ||
| 952 | |0 0 |1 0 |4 0 |6 REV511 |7 1 |9 66253 |a Arxiu |b Arxiu |d 2023-05-08 |l 0 |o Rev-511 |r 2023-05-08 00:00:00 |w 2023-05-08 |y ARXIU |z També disponible a Rev-525 | ||
| 999 | |c 49876 |d 49876 | ||